[Event "Let's Play Chess!"]
[Site "http://www.queenalice.com/game.php?id=924708"]
[Date "2011.4.11"]
[Round "-"]
[White "MarcosRamos"]
[Black "adelio"]
[Result "1-0"]
[WhiteElo "1542"]
[BlackElo "1730"]

1. d4 g6 2. Nc3 a6 3. e4 h6 4. Bd3 b6 5. Nf3 c6 6. O-O e6 7. Re1 d6 8. Be3 Ra7
9. d5 c5 10. e5 h5 11. exd6 Bxd6 12. dxe6 Bxe6 13. Ng5 Re7 14. Nxe6 Rxe6 15. Bc4
Re5 16. Bf4 Rxe1+ 17. Qxe1+ Be7 18. Rd1 Nd7 19. Bxa6 Ngf6 20. Bb5 O-O 21. Bg5
Re8 22. Qd2 Ne5 23. Bxe8 Qxe8 24. Qe2 Neg4 25. Bxf6 Nxf6 26. g3 Qf8 27. Nd5 Nxd5
28. Rxd5 Kg7 29. Qe5+ Bf6 30. Qd6 Qe8 31. Rd1 Qb5 32. b3 h4 33. Qd3 Qc6 34. c4
h3 35. Qd5 Qe8 36. Kf1 Qe7 37. Re1 Qa7 38. a4 Qa5 39. Re3 Qa7 40. g4 Qc7 41.
Rxh3 Qf4 42. Qf3 Qc1+ 43. Kg2 Bd4 44. Qa8 Kf6 45. Qd8+ Ke6 46. Rf3 Qd2 47. Qd5+
Ke7 48. Rxf7+ Ke8 49. Qd7# 1-0

[Event "AUTO-INT-2005"]
[Site "http://www.queenalice.com/game.php?id=925012"]
[Date "2011.4.12"]
[Round "1"]
[White "pablin"]
[Black "MarcosRamos"]
[Result "1-0"]
[WhiteElo "1617"]
[BlackElo "1370"]

1. d4 f5 2. c4 Nf6 3. Nc3 e6 4. Nf3 Be7 5. e3 O-O 6. d5 d6 7. Bd3 e5 8. Ng5 e4
9. Be2 h6 10. Ne6 Bxe6 11. dxe6 c6 12. O-O Qc8 13. Qb3 Na6 14. Na4 b6 15. Bd2
Qxe6 16. Qc2 Nc7 17. b4 d5 18. c5 b5 19. Nc3 a5 20. a3 Qf7 21. bxa5 Nd7 22. a4
b4 23. Na2 1-0

[Event "AUTO-INT-2005"]
[Site "http://www.queenalice.com/game.php?id=925013"]
[Date "2011.4.12"]
[Round "1"]
[White "MarcosRamos"]
[Black "pablin"]
[Result "1-0"]
[WhiteElo "1602"]
[BlackElo "1614"]

1. d4 Nf6 2. Nc3 d5 3. e4 dxe4 4. f3 exf3 5. Nxf3 Bg4 6. h3 Bxf3 7. Qxf3 Nc6 8.
Bc4 Nxd4 9. Qf2 e6 10. Bd3 Bc5 11. Be3 e5 12. O-O-O O-O 13. g4 c6 14. g5 Nh5 15.
Ne4 Qa5 16. Kb1 Qb6 17. Qh4 g6 18. Bxd4 exd4 19. Rhf1 Be7 20. Be2 Ng7 21. Qh6
Nf5 22. Rxf5 gxf5 23. Nf6+ Bxf6 24. gxf6 1-0

[Event "AUTO-INT-2005"]
[Site "http://www.queenalice.com/game.php?id=925030"]
[Date "2011.4.12"]
[Round "1"]
[White "MarcosRamos"]
[Black "BRANDAO"]
[Result "0-1"]
[WhiteElo "1377"]
[BlackElo "1686"]

1. d4 Nf6 2. Nc3 g6 3. e4 d6 4. f3 Bg7 5. Be3 c6 6. Qd2 O-O 7. O-O-O b5 8. h4 e6
9. g4 Qa5 10. b3 b4 0-1

[Event "AUTO-INT-2005"]
[Site "http://www.queenalice.com/game.php?id=925031"]
[Date "2011.4.12"]
[Round "1"]
[White "BRANDAO"]
[Black "MarcosRamos"]
[Result "1-0"]
[WhiteElo "1690"]
[BlackElo "1373"]

1. d4 f5 2. c4 Nf6 3. Nc3 e6 4. Nf3 Be7 5. e3 O-O 6. Bd3 b6 7. a3 Bb7 8. O-O Ne4
9. Nd2 Nxc3 10. bxc3 Qe8 11. e4 1-0

[Event "AUTO-INT-2005"]
[Site "http://www.queenalice.com/game.php?id=925032"]
[Date "2011.4.12"]
[Round "1"]
[White "MarcosRamos"]
[Black "chessweed69"]
[Result "0-1"]
[WhiteElo "1383"]
[BlackElo "1639"]

1. d4 Nf6 2. Nc3 Nc6 3. Nf3 d5 4. Bg5 Ne4 5. Nxe4 dxe4 6. d5 exf3 7. dxc6 Qxd1+
8. Rxd1 fxe2 9. Bxe2 bxc6 10. O-O Bf5 11. Bd3 Bxd3 12. Rxd3 e6 13. Rfd1 Bd6 14.
Rc3 Rd8 15. Bxd8 Kxd8 16. Rxc6 Ke7 17. Rd3 Rd8 18. g3 f5 19. f4 Kd7 20. Ra6 Ra8
21. Rb3 g6 22. Kf1 h5 23. h4 e5 24. fxe5 Bxe5 25. Rxg6 Rf8 26. Kg2 f4 27. gxf4
Rxf4 28. Rg5 Rg4+ 29. Rxg4 hxg4 30. Rb7 a5 31. h5 Kc6 0-1

[Event "AUTO-INT-2005"]
[Site "http://www.queenalice.com/game.php?id=925033"]
[Date "2011.4.12"]
[Round "1"]
[White "chessweed69"]
[Black "MarcosRamos"]
[Result "0-1"]
[WhiteElo "1647"]
[BlackElo "1521"]

1. e4 c5 2. c4 e5 3. Nf3 Nc6 4. Nc3 d6 5. Nd5 Be7 6. d3 f5 7. h4 Nf6 8. Nxe7
Qxe7 9. Bg5 fxe4 10. Bxf6 Qxf6 11. Ng5 O-O 12. Qh5 Qxf2+ 13. Kd1 h6 14. g4 Nd4
15. Rc1 e3 16. Qg6 Qd2# 0-1

[Event "AUTO-INT-2006"]
[Site "http://www.queenalice.com/game.php?id=925430"]
[Date "2011.4.13"]
[Round "1"]
[White "Gaberade"]
[Black "MarcosRamos"]
[Result "1-0"]
[WhiteElo "1314"]
[BlackElo "1458"]

1. e4 c5 2. Nf3 Nc6 3. Bb5 e5 4. O-O d6 5. Re1 Bg4 6. Re3 Nf6 7. Bxc6+ bxc6 8.
Qe2 Be7 9. Rb3 Qd7 10. Qa6 Nxe4 11. Qb7 Qxb7 12. Rxb7 Bxf3 13. gxf3 Ng5 14. d3
Nxf3+ 15. Kg2 Nd4 16. Nc3 Nxc2 17. Rb1 Ne1+ 18. Kf1 Nxd3 19. Bd2 Bf6 20. Ne4 Be7
21. b4 Nxb4 22. Bxb4 1-0

[Event "AUTO-INT-2006"]
[Site "http://www.queenalice.com/game.php?id=925431"]
[Date "2011.4.13"]
[Round "1"]
[White "MarcosRamos"]
[Black "Gaberade"]
[Result "0-1"]
[WhiteElo "1436"]
[BlackElo "1336"]

1. d4 Nf6 2. Nc3 d5 3. Nf3 Bg4 4. h3 Bxf3 5. exf3 Nc6 6. a3 Na5 7. Bd3 Qd6 8.
O-O Qe6 9. Re1 Qd6 10. Qe2 g6 11. Bb5+ c6 12. Bd3 Bg7 13. g3 O-O 14. Bf4 Qd7 15.
Qxe7 Qd8 16. Qxd8 Raxd8 17. Bc7 Rde8 18. Bxa5 b6 19. Bb4 Re7 20. Rxe7 Ne8 21.
Rxa7 h5 22. Bxf8 Bxf8 23. Re1 Nf6 0-1

[Event "AUTO-INT-2006"]
[Site "http://www.queenalice.com/game.php?id=925442"]
[Date "2011.4.13"]
[Round "1"]
[White "orwieorwatt"]
[Black "MarcosRamos"]
[Result "1-0"]
[WhiteElo "1582"]
[BlackElo "1618"]

1. e4 c5 2. Nf3 Nc6 3. Bc4 e5 4. d3 Be7 5. O-O d6 6. h3 Nf6 7. Ng5 O-O 8. Nxf7
Rxf7 9. Bxf7+ Kxf7 10. c4 Kg8 11. Qf3 Be6 12. b3 Nd4 13. Qd1 Qe8 14. Be3 1-0

[Event "AUTO-INT-2006"]
[Site "http://www.queenalice.com/game.php?id=925443"]
[Date "2011.4.13"]
[Round "1"]
[White "MarcosRamos"]
[Black "orwieorwatt"]
[Result "1-0"]
[WhiteElo "1566"]
[BlackElo "1581"]

1. d4 d5 2. Nc3 Nf6 3. e4 Nxe4 4. Nxe4 dxe4 5. f3 exf3 6. Nxf3 e6 7. Bc4 Bb4+ 8.
c3 Ba5 9. O-O O-O 10. Ne5 c6 11. Qg4 Qf6 12. Rxf6 1-0

[Event "AUTO-INT-2006"]
[Site "http://www.queenalice.com/game.php?id=925448"]
[Date "2011.4.13"]
[Round "1"]
[White "rodriw02"]
[Black "MarcosRamos"]
[Result "1-0"]
[WhiteElo "1553"]
[BlackElo "1578"]

1. e4 c5 2. d3 Nc6 3. c3 e5 4. Nf3 d6 5. Ng5 Be7 6. Nf3 Nf6 7. Qb3 O-O 8. Nh4
Nxe4 9. g3 Bxh4 10. dxe4 Bf6 11. Bb5 Bd7 12. Bxc6 1-0

[Event "AUTO-INT-2006"]
[Site "http://www.queenalice.com/game.php?id=925449"]
[Date "2011.4.13"]
[Round "1"]
[White "MarcosRamos"]
[Black "rodriw02"]
[Result "0-1"]
[WhiteElo "1561"]
[BlackElo "1570"]

1. d4 d5 2. Nc3 e6 3. a3 c6 4. Nf3 f6 5. e4 e5 6. dxe5 dxe4 7. Qxd8+ Kxd8 8.
Nxe4 Bf5 9. Bd3 fxe5 10. Nxe5 Bxe4 11. Bxe4 Ke7 0-1